Місто російської слави (Запис № 373094)

МАРК-запис
000 -Лідер
fixed length control field 00542nam a22002297a 4500
003 - Ідентифікатор контрольного номера
control field UA-OsUOA
001 - Контрольний номер
control field 86905
007 - Фіксоване поле фізичного опису
fixed length control field ta
008 - Елементи даних фіксованої довжини – загальна інформація
fixed length control field 20120912b un ||||| |||| 00| 0 ukr d
090 ## - Локальний шифр розміщення
Класифікаційний індекс УДК 94(477)
Авторський знак (НП) Т 19
040 ## - Джерело каталогізації
Агенція оригінальної каталогізації UA-OsUOA
Мова каталогізації ukr
Агенція, яка здійснювала перезапис UA-OsUOA
Агенція, яка здійснювала модифікацію UA-OsUOA
041 ## - Код мови
Код мови тексту/ звукової доріжки чи окремого заголовка (П) ukr
080 ## - Індекс Універсальної десяткової класифікації
Індекс Універсальної десяткової класифікації (УДК) (НП) 94(477)
100 ## - Основне введення – ім’я особи
Ім’я особи (НП) Тарле Є.
245 ## - Відомості про назву
Назва (НП) Місто російської слави
260 ## - Публікація, розповсюдження і т.п. (Вихідні дані)
Місце публікації, розповсюдження і т.п. (П) К.
Ім’я/ наймення видавництва, розповсюджувача і т.п. (П) "Радянська школа"
Дата публікації, розповсюдження і т.п. (П) 1956
300 ## - Фізичний опис
Обсяг 219 с.
650 #7 - Додаткове предметне введення – тематичний термін
Джерело заголовка чи терміна UDC
942 ## - Додаткові елементи входу (Коха)
Тип елемента Koha Книги
955 ## - Код типу видання за змістом
Код типу видання за змістом (НП) Науково-популярні видання
Фонди
Стан вилучень Стан втрат Джерело класифікації або схеми стелажів Стан уражень Не для кредиту Постійне місце розташування Поточне розміщення Дата придбання Інвентарний номер Усього замовленно Повний номер виклику Штрих-код Дата останнього перегляду Ціна ефективна від Тип елемента Koha
    Universal Decimal Classification     АБ - Абонемент НБ АБ - Абонемент НБ 12/09/2012 28170   94(477) Т 19 28170 24/01/2022 12/09/2012 Книги